000
00346nam a2200121Ia 4500
008
231129s9999||||xx |||||||||||||| ||spa||
020
_a
958-33-4417-6
082
_a
ER- 464
100
_a
Colegio Calasanz Pereira
245
0
_a
La ciudad y sus voces
264
_a
Pereira: Publiprint 2003
942
_2
ddc
_c
BKS
999
_c
16649
_d
16649